000
00266nam a2200109Ia 4500
008
200302s9999 xx 000 0 und d
100
_a
G. Matthess & Others
245
_a
Progress in Hydrogeochemistry
260
_b
Springer Verlag
260
_c
1992
300
_a
544 P.,
999
_c
2013
_d
2013